[Event "FRA-ch U20"]
[Site "Europe Echecs INT"]
[Date "2020.07.12"]
[Round "4"]
[White "Denninger, Guilhem"]
[Black "Bressy, Theo"]
[Result "0-1"]
[WhiteElo "2065"]
[BlackElo "2289"]
[PlyCount "54"]
[EventDate "2020.07.12"]
[EventType "swiss (rapid)"]
[EventRounds "9"]
[EventCountry "FRA"]
[SourceTitle "EXT 2021"]
[Source "ChessBase"]
[SourceDate "2020.10.23"]
[SourceVersion "1"]
[SourceVersionDate "2020.10.23"]
[SourceQuality "1"]

1. c4 g6 2. Nc3 Bg7 3. g3 e5 4. Bg2 Nc6 5. e4 d6 6. Nge2 f5 7. 0-0 Nf6 8. d3 0-0 9. f4 Be6 10. b3 Qd7 11. Bb2 Rae8 12. Nd5 fxe4 13. dxe4 Bg4 14. Qd2 Nh5 15. Rae1 Ne7 16. Nxe7+ Qxe7 17. Qd5+ Kh8 18. Qxb7 Bxe2 19. Rxe2 exf4 20. g4 f3 21. Rxf3 Nf4 22. Bxg7+ Qxg7 23. Rd2 Nxg2 24. Rxf8+ Rxf8 25. Kxg2 Qf7 26. e5 Qf1+ 27. Kg3 Qf4+ 0-1

[Event "FRA-ch U20"]
[Site "Europe Echecs INT"]
[Date "2020.07.12"]
[Round "3"]
[White "Saya, Ethan"]
[Black "Denninger, Guilhem"]
[Result "1/2-1/2"]
[WhiteElo "2199"]
[BlackElo "2065"]
[PlyCount "141"]
[EventDate "2020.07.12"]
[EventType "swiss (rapid)"]
[EventRounds "9"]
[EventCountry "FRA"]
[SourceTitle "EXT 2021"]
[Source "ChessBase"]
[SourceDate "2020.10.23"]
[SourceVersion "1"]
[SourceVersionDate "2020.10.23"]
[SourceQuality "1"]

1. e4 c6 2. d4 d5 3. Nc3 dxe4 4. Nxe4 Bf5 5. Ng3 Bg6 6. h4 h6 7. Nf3 Nd7 8. h5 Bh7 9. Bd3 Bxd3 10. Qxd3 e6 11. Bf4 Qa5+ 12. Bd2 Qc7 13. 0-0-0 Ngf6 14. Kb1 Bd6 15. Ne4 Nxe4 16. Qxe4 Nf6 17. Qe2 0-0-0 18. c4 c5 19. Bc3 cxd4 20. Bxd4 Kb8 21. Ne5 Ka8 22. b3 Rhf8 23. g4 Nh7 24. f3 f6 25. Ng6 Rfe8 26. Qf2 Qa5 27. Qc2 Ng5 28. Rhf1 e5 29. Bc3 Bb4 30. Bxb4 Qxb4 31. Nh4 Ne6 32. Nf5 Nd4 33. Nxd4 exd4 34. Qd2 Qxd2 35. Rxd2 d3 36. Kb2 Re3 37. Kc3 Kb8 38. Rfd1 Rxf3 39. Rxd3 Rdxd3+ 40. Rxd3 Rf4 41. Rd4 Rf3+ 42. Rd3 Rf4 43. Rd4 Rf3+ 44. Kb4 Kc7 45. Kc5 f5 46. Kd5 fxg4 47. Rxg4 Rf5+ 48. Kd4 Rxh5 49. Rxg7+ Kc6 50. Rh7 a5 51. a3 Rh3 52. b4 Rh4+ 53. Kc3 Rh3+ 54. Kb2 axb4 55. axb4 b5 56. cxb5+ Kxb5 57. Kc2 Kxb4 58. Kd2 Kc4 59. Ke2 Kd4 60. Kf2 Ke4 61. Kg2 Rh5 62. Rf7 Rf5 63. Rxf5 Kxf5 64. Kh3 h5 65. Kh2 Kg4 66. Kh1 Kg3 67. Kg1 h4 68. Kh1 Kf2 69. Kh2 Ke2 70. Kh3 Kd2 71. Kxh4 1/2-1/2

[Event "BCF-chT3 1415 (4NCL)"]
[Site "England"]
[Date "2015.03.21"]
[Round "7.99"]
[White "Denninger, Guilhem"]
[Black "Waterfield, John"]
[Result "1/2-1/2"]
[WhiteElo "1759"]
[BlackElo "1962"]
[PlyCount "108"]
[EventDate "2015.03.21"]
[EventType "team-swiss"]
[EventRounds "11"]
[EventCountry "ENG"]
[SourceTitle "EXT 2016"]
[Source "ChessBase"]
[SourceDate "2015.10.08"]
[SourceVersion "1"]
[SourceVersionDate "2015.10.08"]
[SourceQuality "1"]
[WhiteTeam "Midland Monarchs"]
[BlackTeam "The Full Ponty"]
[WhiteTeamCountry "ENG"]
[BlackTeamCountry "ENG"]

1. d4 Nf6 2. g3 g6 3. Bg2 Bg7 4. Nf3 0-0 5. 0-0 d6 6. c4 Nbd7 7. Nc3 e5 8. Bg5 h6 9. Bxf6 Qxf6 10. Nd5 Qd8 11. e3 c6 12. Nc3 Qe7 13. Qc2 f5 14. b4 Nf6 15. c5 e4 16. Nd2 dxc5 17. bxc5 Be6 18. Rfb1 Nd5 19. Bf1 Rab8 20. Nxd5 Bxd5 21. Nc4 g5 22. Qa4 f4 23. Be2 fxg3 24. fxg3 Qe6 25. Nd6 b5 26. Qa5 Qd7 27. a4 a6 28. Qxa6 Ra8 29. Qb7 Qxb7 30. Nxb7 bxa4 31. Nd6 Rf6 32. Ra3 Bf8 33. Nc4 Rf7 34. Nb6 Rb7 35. Rb2 Ra5 36. Rxa4 Rxb6 37. cxb6 Rxa4 38. b7 Bd6 39. b8Q+ Bxb8 40. Rxb8+ Kg7 41. Rb2 Kg6 42. g4 Ra1+ 43. Kf2 Rh1 44. Kg2 Re1 45. Kf2 Rh1 46. Kg2 Re1 47. Rc2 Kf6 48. h3 Ke6 49. Kf2 Rb1 50. Ba6 Kd7 51. Be2 Ke6 52. Ba6 Kd7 53. Be2 Ke6 54. Ba6 Kd7 1/2-1/2

[Event "FRA-ch U14"]
[Site "Saint Paul Trois Chateaux"]
[Date "2013.04.28"]
[Round "1"]
[White "Denninger, Guilhem"]
[Black "Roussel, Glenn"]
[Result "1/2-1/2"]
[WhiteElo "1665"]
[BlackElo "1907"]
[PlyCount "80"]
[EventDate "2013.04.28"]
[EventType "swiss"]
[EventRounds "9"]
[EventCountry "FRA"]
[SourceTitle "CBM 154 Extra"]
[Source "ChessBase"]
[SourceDate "2013.06.25"]
[SourceVersion "2"]
[SourceVersionDate "2013.06.25"]
[SourceQuality "1"]

1. d4 Nf6 2. c4 c5 3. d5 b5 4. cxb5 a6 5. bxa6 g6 6. Nc3 Bxa6 7. Bg5 Bg7 8. g3 d6 9. Qd2 Nbd7 10. Bh6 Bxh6 11. Qxh6 Rb8 12. Qd2 Qb6 13. b3 c4 14. bxc4 Bxc4 15. e3 Bxf1 16. Kxf1 0-0 17. Nge2 Ne5 18. Kg2 e6 19. Rhb1 Qa6 20. f4 Nc4 21. Qd4 Nxd5 22. Nxd5 exd5 23. Kf2 Qc6 24. h3 Rbe8 25. Rb3 Re4 26. Qa7 Qe8 27. Rd1 Qe6 28. g4 Re8 29. Rdd3 Re7 30. Qa8+ Kg7 31. Qxd5 Qxd5 32. Rxd5 Nxe3 33. Rd2 Nc4 34. Rc2 Ne3 35. Rd2 Nc4 36. Rc2 d5 37. Rd3 Ne3 38. Rcd2 Nc4 39. Rc2 Ne3 40. Rcd2 Nc4 1/2-1/2